| 000 | 01331nmm a2200361 a 4500 | ||
|---|---|---|---|
| 003 | AR-BaBNM | ||
| 005 | 20251128205136.0 | ||
| 008 | 146119s1947 ||||||||||||||000 | spa|| | ||
| 040 | _cAR-BaBNM | ||
| 100 | 1 | _aNieto, Manuel Hidalgo | |
| 245 | 1 | 0 |
_aLa cuestión de las Malvinas _bcontribución al estudio de las relaciones hispano-inglesas en el siglo XVIII |
| 260 |
_aMadrid _bConsejo Superior de Investigaciones Científicas. Instituto Gonzalo Fernández de Oviedo _c1947 |
||
| 300 | 0 |
_a762 p. _bil., mapas |
|
| 500 | 0 | _aContiene mapas desplegables | |
| 500 | 0 | _aApéndice documental: p. 579-677 | |
| 500 | 0 | _aIndice cronológico de tratados y convenios internacionales relativos a la América Española citados en el texto: p. 687-691 | |
| 500 | 1 | _aIndice onomástico de personas, cosas y lugares: p. 701-751 | |
| 504 | _aIndice de autores y bibliografía: p. 693-699 | ||
| 650 | 4 | _aHISTORIA DE LAS RELACIONES INTERNACIONALES | |
| 650 | 4 | _aRELACIONES BILATERALES | |
| 650 | 4 | _aSIGLO DIECIOCHO | |
| 650 | 4 | _aMISIONES DIPLOMATICAS | |
| 650 | 4 | _aHISTORIA ARGENTINA | |
| 650 | 4 | _aCONQUISTA DE AMERICA | |
| 651 | 4 | _aIslas Malvinas | |
| 651 | 4 | _aReino Unido | |
| 651 | 4 | _aEspaña | |
| 651 | 4 | _aArgentina | |
| 653 | 0 | _aHISTORIA INGLESA | |
| 653 | 0 | _aHISTORIA ESPANOLA | |
| 942 | _cBK | ||
| 998 | _cEnrique | ||
| 999 |
_c10165 _d10165 |
||